000 004090000a22001690004500
003 MACL
005 20160105173318.0
008 160105b xxu||||| |||| 00| 0 eng d
040 _aMACL
_cMACL
041 _aEnglish
082 _a823/WOD
100 _aWodehouse, P G
_928366
245 _aJill The Reckless
260 _bHerbert V. Guenther
_aLondon
650 _aFiction
_928367
942 _cBK
_k823/Wod
_2ddc
999 _c34897
_d34897